| 000 | nam a22 a 4500 | ||
|---|---|---|---|
| 999 |
_c2293 _d2293 |
||
| 003 | AKAML | ||
| 005 | 20170516090601.0 | ||
| 008 | 170516s2006 my a j | 000 0 may d | ||
| 020 |
_a9679489043 (set) : _cRM480.00 |
||
| 020 |
_a9679489051 (kkrs.) : _cRM60.00 |
||
| 040 |
_aAKMAL _cAKMAL |
||
| 082 | 0 | 4 |
_a390.09595 ZAL _222 |
| 090 | 0 | 0 |
_a390.09595 _bZAL |
| 100 | 0 |
_aZalifah Abdullah _9520 |
|
| 245 | 1 | 0 |
_aBudaya berbilang kaum / _cZalifah Abdullah |
| 260 |
_aMelaka : _bAssociated Educational Distributors (M), _c2006 |
||
| 300 |
_a44ms. : _bil. wrn. ; _c29cm. |
||
| 440 | 0 |
_aSiri kenegaraan dan patriotisme _9521 |
|
| 500 | _aMengandungi soalan | ||
| 650 | 1 | 0 |
_aMalay language _vReaders _94686 |
| 651 | 0 |
_aMalaysia _xSocial life and customs _9590 |
|
| 942 |
_2ddc _cBOOK |
||